| 000 | 00903nam a2200265 a 4500 | ||
|---|---|---|---|
| 001 | 000026119 | ||
| 003 | OSt | ||
| 005 | 20200930024322.0 | ||
| 008 | 110301s1970 mx r 001 0 spa d | ||
| 040 |
_aDO-SdBNP _bspa _cBNPHU |
||
| 082 |
_a025.1 _bW562a |
||
| 100 | 1 |
_aWheeler, Joseph L. _953075 |
|
| 245 | 1 | 0 |
_aAdministración práctica de bibliotecas públicas / _cJoseph L. Wheeler y Herbert Goldhor ; traducción de Agustín Contín. |
| 260 |
_aMéxico, D. F. : _bFondo de Cultura Económica, _c1970. |
||
| 300 |
_a603 p. ; _c24 cm. |
||
| 490 | 1 | _aSección de Obras de Economía | |
| 500 | _aIncluye índice analítico | ||
| 590 | _aInventariado, 2020/ YL | ||
| 650 | 4 |
_aBiblioteca _xAdministración _953076 |
|
| 700 | 1 |
_aGoldhor, Herbert. _953077 |
|
| 700 | 1 |
_aContín, Agustín, _etr. _945783 |
|
| 830 |
_aSección de obras de economía _930599 |
||
| 910 | _aEn proceso | ||
| 942 |
_2ddc _cLF1 |
||
| 999 |
_c25611 _d25611 |
||